|
|
|
|
| LEADER |
00000caa a2200000 c 4500 |
| 001 |
1887035796 |
| 003 |
DE-627 |
| 005 |
20251003100736.0 |
| 007 |
tu |
| 008 |
240425s2023 xx ||||| 00| ||ita c |
| 035 |
|
|
|a (DE-627)1887035796
|
| 035 |
|
|
|a (DE-599)KXP1887035796
|
| 040 |
|
|
|a DE-627
|b ger
|c DE-627
|e rda
|
| 041 |
|
|
|a ita
|
| 084 |
|
|
|a 1
|2 ssgn
|
| 100 |
1 |
|
|e VerfasserIn
|0 (DE-588)1378136144
|0 (DE-627)1937714241
|4 aut
|a Cito, Davide
|d 1956-
|
| 109 |
|
|
|a Cito, Davide 1956-
|
| 245 |
1 |
3 |
|a Le pene espiatorie nel nuovo Libro VI del Codice di Diritto Canonico
|c Davide Cito
|
| 264 |
|
1 |
|c 2023
|
| 336 |
|
|
|a Text
|b txt
|2 rdacontent
|
| 337 |
|
|
|a ohne Hilfsmittel zu benutzen
|b n
|2 rdamedia
|
| 338 |
|
|
|a Band
|b nc
|2 rdacarrier
|
| 650 |
|
4 |
|a Sühnestrafe
|7 (dpeaa)DE-Tue135-1/24-fid1-kald
|
| 652 |
|
|
|a SB
|
| 689 |
0 |
0 |
|d s
|0 (DE-588)4057785-5
|0 (DE-627)106149474
|0 (DE-576)209123699
|2 gnd
|a Strafe
|
| 689 |
0 |
1 |
|d s
|0 (DE-588)4132263-0
|0 (DE-627)105689033
|0 (DE-576)209634081
|2 gnd
|a Sühne
|
| 689 |
0 |
2 |
|d s
|0 (DE-588)4295059-4
|0 (DE-627)104176652
|0 (DE-576)21096670X
|2 gnd
|a Kirchliches Strafrecht
|
| 689 |
0 |
|
|5 (DE-627)
|
| 773 |
0 |
8 |
|i Enthalten in
|t Ephemerides iuris canonici
|d Venezia : Marcianum Press, 1945
|g 63(2023), 2, Seite 515-538
|w (DE-627)129537055
|w (DE-600)216374-3
|w (DE-576)014967979
|x 0013-9491
|7 nnas
|
| 773 |
1 |
8 |
|g volume:63
|g year:2023
|g number:2
|g pages:515-538
|
| 935 |
|
|
|a KALD
|
| 951 |
|
|
|a AR
|
| CAN |
|
|
|a 1
|
| ELC |
|
|
|b 1
|
| ITA |
|
|
|a 1
|t 1
|
| LOK |
|
|
|0 000 xxxxxcx a22 zn 4500
|
| LOK |
|
|
|0 001 4516083655
|
| LOK |
|
|
|0 003 DE-627
|
| LOK |
|
|
|0 004 1887035796
|
| LOK |
|
|
|0 005 20240916150832
|
| LOK |
|
|
|0 008 240425||||||||||||||||ger|||||||
|
| LOK |
|
|
|0 040
|a DE-Tue135-1
|c DE-627
|d DE-Tue135-1
|
| LOK |
|
|
|0 852
|a DE-Tue135-1
|
| LOK |
|
|
|0 852 1
|m p
|9 00
|
| LOK |
|
|
|0 852 2
|b FTH Z5-208
|9 00
|
| LOK |
|
|
|0 8564
|u https://bibsearch.uibk.ac.at/AC01467351
|
| LOK |
|
|
|0 935
|a inzs
|
| LOK |
|
|
|0 936ln
|0 1442053313
|a SB
|
| LOK |
|
|
|0 938
|k p
|
| LOK |
|
|
|0 939
|a 25-04-24
|b l01
|
| ORI |
|
|
|a SA-MARC-ixtheoa001.raw
|
| STA |
0 |
0 |
|a Atonement,Atonement,Reparation,Expiation,Church criminal law,Punishment,Punishment,Sanction,Penalty,Punishment in art
|
| STB |
0 |
0 |
|a Droit pénal ecclésiastique,Expiation,Expiation,Peine,Peine,Punition,Châtiment,Punition,Châtiment,Punition (motif),Châtiment,Punition,Châtiment
|
| STC |
0 |
0 |
|a Derecho penal eclesiástico,Expiación,Expiación,Pena,Pena,Castigo,Castigo,Castigo (Motivo),Castigo
|
| STD |
0 |
0 |
|a Diritto penale ecclesiastico,Espiazione,Espiazione,Pena <motivo>,Pena,Castigo,Castigo,Castigo (motivo),Castigo
|
| STE |
0 |
0 |
|a 惩罚,惩罚,惩处,处罚,惩处,处罚,赎罪,赎罪
|
| STF |
0 |
0 |
|a 懲罰,懲罰,懲處,處罰,懲處,處罰,贖罪,贖罪
|
| STG |
0 |
0 |
|a Direito penal eclesiástico,Expiação,Expiação,Pena,Pena,Castigo,Castigo,Castigo (Motivo),Castigo
|
| STH |
0 |
0 |
|a Искупление (мотив),Искупление,Церковное уголовное право,Штраф <мотив>,Штраф,Наказание,Наказание (мотив)
|
| STI |
0 |
0 |
|a Εκκλησιαστικό ποινικό δίκαιο,Εξιλέωση (μοτίβο),Εξιλέωση,Ποινή <μοτίβο>,Ποινή,Τιμωρία,Τιμωρία (μοτίβο)
|
| SUB |
|
|
|a CAN
|
| SYG |
0 |
0 |
|a Bestrafung,Strafen , Kirchenrecht,Kirchenstrafrecht
|